MARC details
| 000 -LEADER |
| fixed length control field |
02253nam a22003617a 4500 |
| 001 - CONTROL NUMBER |
| control field |
105844 |
| 003 - CONTROL NUMBER IDENTIFIER |
| control field |
KnowledgeUnlatched |
| 005 - DATE AND TIME OF LATEST TRANSACTION |
| control field |
20210303104920.0 |
| 006 - FIXED-LENGTH DATA ELEMENTS--ADDITIONAL MATERIAL CHARACTERISTICS |
| fixed length control field |
m o d |
| 007 - PHYSICAL DESCRIPTION FIXED FIELD--GENERAL INFORMATION |
| fixed length control field |
cr u|||||||||| |
| 008 - FIXED-LENGTH DATA ELEMENTS--GENERAL INFORMATION |
| fixed length control field |
210129p20152020xx o u00| u ger d |
| 037 ## - SOURCE OF ACQUISITION |
| Institution to which field applies |
BiblioBoard |
| 020 ## - INTERNATIONAL STANDARD BOOK NUMBER |
| International Standard Book Number |
9783772830716 |
| 029 1# - OTHER SYSTEM CONTROL NUMBER (OCLC) |
| OCLC library identifier |
https://library.biblioboard.com/ext/api/media/f992f4f1-c771-414a-ab34-e66351edc4e0/assets/thumbnail.jpg |
| 040 ## - CATALOGING SOURCE |
| Original cataloging agency |
ScCtBLL |
| Transcribing agency |
ScCtBLL |
| 245 00 - TITLE STATEMENT |
| Title |
Judith Le Soldat: Werkausgabe / Band 1: Grund zur Homosexualität |
| Remainder of title |
Vorlesungen zu einer neuen psychoanalytischen Theorie der Homosexualität / |
| Statement of responsibility, etc. |
Monika Gsell, Judith Le Soldat. |
| 264 #1 - PRODUCTION, PUBLICATION, DISTRIBUTION, MANUFACTURE, AND COPYRIGHT NOTICE |
| Name of producer, publisher, distributor, manufacturer |
frommann-holzboog, |
| 300 ## - PHYSICAL DESCRIPTION |
| Extent |
1 online resource (1 p.) |
| 506 0# - RESTRICTIONS ON ACCESS NOTE |
| Terms governing access |
Access copy available to the general public. |
| Standardized terminology for access restriction |
Unrestricted |
| Source of term |
star |
| 520 ## - SUMMARY, ETC. |
| Summary, etc. |
›Grund zur Homosexualität‹ eröffnet ein radikal neues Verständnis der psychischen Prozesse, die an der Herausbildung dessen beteiligt sind, was wir sexuelle Orientierung nennen. Dabei wird nicht nur das Alltagsverständnis von Homo- und Heterosexualität hinterfragt. Auch unsere Vorstellungen davon, was Männlichkeit und Weiblichkeit bedeuten, werden auf ganz neue Grundlagen gestellt. Die Theorie, die uns Judith Le Soldat mit diesem Buch zur Verfügung stellt, ist denn auch viel mehr als eine Theorie der Homosexualität: Sie zeigt, dass eine genaue Analyse des Phänomens der Homosexualität zugleich ganz neue, bisher unerkannte Einsichten über das grundsätzliche Funktionieren der menschlichen Seele erlaubt. |
| 588 0# - SOURCE OF DESCRIPTION NOTE |
| Source of description note |
Description based on print version record. |
| 590 ## - LOCAL NOTE (RLIN) |
| Local note |
KU Open Services |
| 650 #7 - SUBJECT ADDED ENTRY--TOPICAL TERM |
| Topical term or geographic name entry element |
Psychology / Research & Methodology |
| Source of heading or term |
bisacsh |
| 650 #0 - SUBJECT ADDED ENTRY--TOPICAL TERM |
| Topical term or geographic name entry element |
Psychology |
| 655 #0 - INDEX TERM--GENRE/FORM |
| Genre/form data or focus term |
Electronic books. |
| 700 1# - ADDED ENTRY--PERSONAL NAME |
| Personal name |
Gsell, Monika |
| Relator term |
editor. |
| 700 1# - ADDED ENTRY--PERSONAL NAME |
| Personal name |
Le Soldat, Judith |
| Relator term |
author. |
| 758 ## - |
| -- |
Is found in: |
| -- |
Knowledge Unlatched |
| -- |
https://openresearchlibrary.org/module/2774bc74-146a-484f-a7ba-ab1d6a09bbfb |
| 856 40 - ELECTRONIC LOCATION AND ACCESS |
| Uniform Resource Identifier |
<a href="https://openresearchlibrary.org/content/f992f4f1-c771-414a-ab34-e66351edc4e0">https://openresearchlibrary.org/content/f992f4f1-c771-414a-ab34-e66351edc4e0</a> |
| Public note |
View this content on Open Research Library. |
| -- |
0 |